00578nam a22001697a 450000500170000001000130001702000260003003500130005603700380006908200140010710000160012124501240013726000510026127000530031230000240036570000190038920130814171056.0 aB-408706 a9788170089926c575.00 aB-408706 aRP/BL-IIIbChander Mukhi Prakshan a620.00151 aBali, N.P.  aA textbook of engineering mathematis:bfor B.Sc.(Engg.)... professional examinations /cby N.P. Bali (and) Manish Goyal aNew Delhi bLaxmi Publications c2008(repr.).  a113, Golden House, DaryaganjbNew Delhi e110002 a1530p. c26cm(pbk)  aGoyal, Manish